| 000 | 01111nam0a22002531 4500 | ||
|---|---|---|---|
| 001 | rc\516407 | ||
| 005 | 20260407021035.0 | ||
| 035 | _a(NLR Aleph) 005755937 | ||
| 090 |
_a4888768 _c4888768 |
||
| 100 | _a20030616d1988 |||y0rusy50 ca | ||
| 101 | 0 | _arus | |
| 102 | _aRU | ||
| 105 | _ay ||||||||| | ||
| 200 | 1 |
_aОРГАНИЗАЦИОННО-МЕТОДИЧЕСКОЕ пособие руководителю хозрасчетной и подрядной бригады _fМ-во станкостроит. и инструм. пром-сти СССР, Мин. фил. Гос. проект.-технол. и эксперим. ин-та "Оргстанкинпром" _g[Исполн. З.Ф. Бузуновский и др.] |
|
| 210 |
_aМ. _cВНИИТЭМР _d1988 |
||
| 215 |
_a19 с. _d20 |
||
| 225 | 1 | _aНОТ | |
| 702 | 1 |
_aБузуновский _bЗ.Ф. _4570 |
|
| 712 | 0 | 2 |
_a"Оргстанкинпром", об-ние _cМосква _bМинский филиал _3RU\NLR\AUTH\8810005936 _9509319 |
| 801 | 0 |
_aRU _bNLR _gpsbo |
|
| 801 | 1 |
_aRU _bELAR _2rusmarc |
|
| 852 |
_aNLR _j88-6/7234 |
||
| 942 | _cBOOK | ||
| 980 | _aNB | ||